| 000 | 00639nam a2200229 a 4500 | ||
|---|---|---|---|
| 001 | BRCA_7220 | ||
| 005 | 20190320205745.0 | ||
| 008 | 170112s1940----u--af#####---#000-0#eng-# | ||
| 041 | _aeng | ||
| 044 | _au | ||
| 050 | 4 |
_aN6931 _b.MN47 |
|
| 245 | 1 | 0 |
_aThe Netherlands & Germany _cPowers |
| 260 |
_aNewton, Mass _bThe University Prints _c[1940] |
||
| 300 |
_a1 estuche con láminas _bil., 519 láminas _c21 cm. |
||
| 440 | 0 |
_aUniversity Prints. Student series _vD _917890 |
|
| 500 | _aP116 | ||
| 650 | 1 | 4 |
_aArte _zPaises Bajos _917891 |
| 650 | 1 | 4 |
_aArte _zAlemania _917892 |
| 700 | 1 |
_aPowers _eed. _917893 |
|
| 902 | _aGFM | ||
| 942 |
_2lcc _cB |
||
| 999 |
_c6901 _d6901 |
||